De Freud a Jung
Guardat en:
| Autor principal: | |
|---|---|
| Format: | Llibre |
| Idioma: | espanyol |
| Publicat: |
Ciudad de México
Fondo de Cultura Económica
1993
|
| Col·lecció: | Colección de Psicología, Psiquiatría y Psicoanálisis
|
| Matèries: | |
| Etiquetes: |
Afegir etiqueta
Sense etiquetes, Sigues el primer a etiquetar aquest registre!
|
MARC
| LEADER | 00000nam a2200000 a 4500 | ||
|---|---|---|---|
| 001 | UCT8385 | ||
| 003 | CL-VaPUC | ||
| 005 | 20241211092744.0 | ||
| 008 | 970326e19930000MX |||||||||||||||||spa|d | ||
| 999 | |c 256889 |d 256887 | ||
| 040 | |c Pontificia Universidad Católica de Valparaíso | ||
| 082 | 0 | 4 | |a 150.195 |b FRE |2 21 |
| 100 | 0 | |a Frey Rohn, Liliane |e author |9 380095 | |
| 245 | 1 | 0 | |a De Freud a Jung |
| 260 | |a Ciudad de México |b Fondo de Cultura Económica |c 1993 | ||
| 300 | |a 358 p | ||
| 490 | 0 | |a Colección de Psicología, Psiquiatría y Psicoanálisis | |
| 583 | |a last modification |c 19970326 00:00:00 |k Rodrigo Vera | ||
| 600 | 0 | |a Freud, Sigmund |e author |9 307892 | |
| 600 | 0 | |a Jung, Carl Gustav, |d 1875-1961 |9 858599 | |
| 650 | 0 | |a Psicoanálisis |9 265702 | |
| 650 | 0 | |a Traumas |9 375412 | |
| 650 | 7 | |a COMPLEJOS |2 CL-VaPUC |9 380096 | |
| 650 | 0 | |a Inconciente |9 380085 | |
| 650 | 0 | |a Personalidad |9 307255 | |
| 650 | 0 | |a Psicología |9 257863 | |
| 650 | 0 | |a Fantasía |9 309645 | |
| 650 | 0 | |a Conciencia |9 309452 | |
| 650 | 0 | |a Sexualidad |9 358183 | |
| 650 | 0 | |a Neurosis |9 312889 | |
| 650 | 0 | |a Sueños |9 267047 | |
| 650 | 7 | |a HERMENAUTICA |2 CL-VaPUC |9 380097 | |
| 650 | 0 | |a Simbología |9 267342 | |
| 852 | |a BIBCUR | ||
| 942 | |c BK |2 ddc | ||
| 945 | |d 19970326 00:00:00 |a nastorga | ||
| 952 | |0 0 |1 0 |4 0 |6 150_195000000000000_FRE_1993 |7 0 |8 A |9 279971 |a BIBEDU |b BIBEDU |d 2019-11-19 |i 3293718 |l 3 |o 150.195 FRE 1993 |p 3293718 |r 2025-04-26 |s 2025-04-26 |w 2019-11-19 |y BK |k PSI | ||